UBT Library

HEGEL'S CRITIQUE OF ARISTOTLE'S PHILOSOPHY OF MIND (Record no. 60049)

000 -LEADER
fixed length control field 00313nam a22001337a 4500
008 - FIXED-LENGTH DATA ELEMENTS--GENERAL INFORMATION
fixed length control field 230627b ||||| |||| 00| 0 eng d
041 ## - LANGUAGE CODE
Language code of text/sound track or separate title eng
080 ## - UNIVERSAL DECIMAL CLASSIFICATION NUMBER
Universal Decimal Classification number 101
082 ## - DEWEY DECIMAL CLASSIFICATION NUMBER
Classification number 101WEI
100 ## - Rafti
Rafti 44
101 ## - Shkurtesa
Shkurtesa FILO
245 ## - TITLE STATEMENT
Title HEGEL'S CRITIQUE OF ARISTOTLE'S PHILOSOPHY OF MIND
Statement of responsibility, etc WEISS.G.F
942 ## - ADDED ENTRY ELEMENTS (KOHA)
Source of classification or shelving scheme
Item type Books
Holdings
Withdrawn status Lost status Source of classification or shelving scheme Damaged status Not for loan Collection code Permanent location Current location Date acquired Total Checkouts Full call number Barcode Date last seen Price effective from Koha item type
          Koleksioni i përgjithshem UBT - Lipjan UBT - Lipjan 06/27/2023   101WEI 002-800080688 06/27/2023 06/27/2023 Books
UBT Library © 2015-2024. All rights reserved University Education for Business and Technology